A history of engraving and etching: from the 15th century to the year 1914
Uloženo v:
| Hlavní autor: | |
|---|---|
| Médium: | Kniha |
| Jazyk: | angličtina |
| Vydáno: |
Nueva York
Dover
1963
|
| Témata: | |
| Tagy: |
Přidat tag
Žádné tagy, Buďte první, kdo vytvoří štítek k tomuto záznamu!
|
MARC
| LEADER | 00000nam a2200000 a 4500 | ||
|---|---|---|---|
| 001 | UCT3724 | ||
| 003 | CL-VaPUC | ||
| 008 | 961024e19630000US |||||||||||||||||eng|d | ||
| 082 | 0 | 4 | |a 767 |b HIN |2 21 |
| 100 | 0 | |a Hind, Arthur M |e author |9 372718 | |
| 245 | 1 | 2 | |a A history of engraving and etching: from the 15th century to the year 1914 |
| 300 | |a 487 p | ||
| 942 | |c BK | ||
| 945 | |d 19961024 00:00:00 |a nastorga | ||
| 260 | |a Nueva York |b Dover |c 1963 | ||
| 650 | 0 | |a Artes gráficas |9 265865 | |
| 650 | 0 | |a Grabados |9 310822 | |
| 650 | 0 | |a Retratos |9 313437 | |
| 650 | 7 | |a HISTORIA DEL ARTE SIGLO 15 |2 CL-VaPUC |9 372719 | |
| 650 | 0 | |a Colores |9 268982 | |
| 650 | 0 | |a Pintura |9 265046 | |
| 583 | |a last modification |c 20160810 05:27:00 |k Rodrigo Vera | ||
| 999 | |c 253279 |d 253277 | ||
| 952 | |0 0 |1 0 |4 0 |6 767_000000000000000_HIN_1963 |7 0 |8 A |9 273951 |a BIBARQ |b BIBARQ |d 2019-11-19 |i 3244628 |l 11 |m 5 |o 767 HIN 1963 |p 3244628 |q 2025-07-18 |r 2024-01-16 |s 2023-03-31 |w 2019-11-19 |y BK |k ARQ | ||